| 000 | 00816cam a2200229 4500 | ||
|---|---|---|---|
| 001 | WB3745-23 | ||
| 008 | 011128n2001 000 0 eng u | ||
| 035 | _a(Sirsi) u115773 | ||
| 245 | _aRoot of all the trouble | ||
| 260 | _c2001 | ||
| 490 |
_aEstates Gazette _v(0147) 24 November 2001, 144(1) |
||
| 520 | _aExamines "Delaware Mansions Ltd and another v Westminster CC", where the House of Lords upheld the new owners' claim for root damage despite English law generally not allowing a person to recover damages for loss that has been incurred by someone else. | ||
| 590 | _aWB | ||
| 650 | _aDELAWARE MANSIONS AND FLECKSUN V WESTMINSTER CC | ||
| 650 | _aROOT DAMAGE | ||
| 650 | _aNUISANCE | ||
| 650 | _aTREE ROOTS | ||
| 650 | _aDAMAGE | ||
| 650 | _aTITLE TO SUE | ||
| 690 | _aPROPERTY | ||
| 942 | _n0 | ||
| 999 |
_c68957 _d68957 |
||